000 00432nam a22001817a 4500
003 MPLRDC
005 20220104114215.0
008 210129b ||||| |||| 00| 0 eng d
020 _a7-80540-009-1
082 _a857.4551 JOS c.2
100 _a寄鸥室主人刊
245 _a十粒金丹
_c
250 _a一版一刷
260 _a
_b群益堂
_c1988
300 _b
650 _a历史小说
942 _cBK
_o857.4551 JOS c.2
999 _c5671
_d5661